000 00426nam a22001697a 4500
003 OSt
005 20211203091524.0
008 211203b |||||||| |||| 00| 0 eng d
020 _a978-0-340-95004-3
040 _aDDC
_cHU
082 _21ST
_a616.12
_b1
100 _aHOUGHTON ANDREW R.
_918598
245 _aMAKING SENSE OF ECHOCARDIOGRAPHY
250 _a1ST
260 _aUK
_bHODDER ARNOLD
_c2009
942 _2ddc
_cBOOKS
_n0
999 _c21268
_d21268